Voluptuosidad

Сохранить в:
Библиографические подробности
Главный автор: Sainte-Beuve
Формат:
Язык:Undetermined
Опубликовано: Madrid, España Calpe 1923
Предметы:
Метки: Добавить метку
Нет меток, Требуется 1-ая метка записи!

MARC

LEADER 00000nam a2200000Ia 4500
008 170316s9999 xx 000 0 und d
040 |a cru BVZT 
090 |a 840 S-7vo 
100 |a Sainte-Beuve  |9 1149 
245 |a Voluptuosidad 
260 |a Madrid, España 
260 |b Calpe 
260 |c 1923 
300 |a 165 páginas Tomo II 
650 |a LITERATURA FRANCESA  |9 109 
999 |c 8019  |d 8019 
942 |c 15 D  |h 840 S-7vo  |2 z